00313nam a22000977a 4500008004100000082001700041100003700058245005800095260005300153300000900206230703b xxu||||| |||| 00| 0 eng d a342.678bTAN cJamuhuri ya Muungano wa tanzania aKatiba ya Jamuhuri ya Muungano wa Tanzania mwaka 1977 aTanzaniabJamuhuri ya Muungano wa Tanzaniac2005 a129p